000 00727cam a22002533a 4500
001 19662
003 PGUSA
005 20140828083421.0
008 061031s2006||||xxu|||||s|||||000 | eng d
040 _aPGUSA
_beng
042 _adc
050 4 _aPA
100 1 _aTacitus, Cornelius,
_d56-117
245 1 0 _aMoeurs des anciens Germains
_h[electronic resource] /
_cCornelius Tacitus
260 _bProject Gutenberg,
_c2006
506 _aPublic domain in the USA.
516 _aElectronic text
653 _aGermanic peoples -- Early works to 1800
700 1 _aLe Gendre, Louis,
_d1655-1733
740 0 _aGermania
830 0 _aProject Gutenberg
_v19662
856 4 0 _uhttp://www.gutenberg.org/ebooks/19662
942 _cEB
999 _c248917
_d248917